Analýza zberu 3D údajov s využitím technológie VISION

Gespeichert in:
Bibliographische Detailangaben
1. Verfasser: Oros, Matej, 1990- (Verfasst von)
Weitere Verfasser: Bajtala, Marek, 1975- (Betreuung Doktorarbeit)
Format: Manuskript Buch
Sprache:Slowakisch
Veröffentlicht: Bratislava : STU v Bratislave SvF, 2014
Schlagworte:
Online-Zugang:VAIS
Tags: Tag hinzufügen
Keine Tags, Fügen Sie das erste Tag hinzu!

MARC

LEADER 00000ntm a22000003a 4500
001 stu297661
005 20150617230311.3
008 140919s2014----xo------------------slo-d
040 |a STU  |b slo 
041 0 |a slo 
044 |a xo 
100 1 |a Oros, Matej,  |d 1990-  |4 aut  |u V  |T SvF Stavebná fakulta  |X 67542  |U V  |Y 10  |7 A000067542 
242 0 0 |a Analysis of 3D data collection using the VISION technology  |y eng 
245 1 |a Analýza zberu 3D údajov s využitím technológie VISION 
260 |a Bratislava :  |b STU v Bratislave SvF,  |c 2014 
650 7 |a geodézia a kartografia  |2 stusub 
650 7 |a Geodesy and Cartography  |2 estusub 
650 7 |a photogrammetry  |2 estusub 
650 7 |a fotogrametria  |2 stusub 
650 7 |a digitálna kamera  |2 stusub 
700 1 |a Bajtala, Marek,  |d 1975-  |4 ths  |u V140  |U SvF Stavebná fakulta  |T SvF Katedra geodézie  |X 1018  |U V140  |Y 14  |7 A000001018 
856 4 |a info a plný text  |u http://is.stuba.sk/zp/portal_zp.pl?podrobnosti=100634  |3 VAIS